Guess the Fusion Rock Song Lyrics #332 - Statistics

General Stats
  • This quiz has been taken 16 times
  • The average score is 250 of 330
Answer Stats
Answer % Correct
a
100%
in
100%
man
100%
men
100%
the
100%
The
100%
to
100%
an
93%
And
93%
bad
93%
go
93%
he
93%
He
93%
of
93%
Of
93%
old
93%
on
93%
than
93%
town
93%
Brown
86%
damn
86%
he's
86%
him
86%
his
86%
Leroy
86%
whole
86%
you
86%
You
86%
All
79%
baddest
79%
dog
79%
for
79%
if
79%
is
79%
junkyard
79%
KIng
79%
King
79%
Kong
79%
Meaner
79%
meaner
79%
too
79%
when
79%
at
71%
Badder
71%
badder
71%
got
71%
Jim Croce
71%
that
71%
there
71%
Well
71%
from
64%
gone
64%
her
64%
just
64%
like
64%
see
64%
Side
64%
was
64%
With
64%
with
64%
better
57%
Chicago
57%
down
57%
four
57%
girl
57%
gun
57%
part
57%
six
57%
South
57%
they
57%
Yeah
57%
about
50%
bar
50%
couple
50%
foot
50%
fun
50%
looked
50%
Lover
50%
named
50%
nice
50%
Now
50%
razor
50%
shoe
50%
them
50%
wife
50%
beware
43%
call
43%
clothes
43%
Continental
43%
custom
43%
Eldorado
43%
eyes
43%
fancy
43%
gambler
43%
jealous
43%
jigsaw
43%
likes
43%
ooh
43%
pieces
43%
pocket
43%
puzzle
43%
Right
43%
Sat
43%
shooting
43%
soon
43%
took
43%
Tree
43%
ago
36%
began
36%
diamond
36%
Doris
36%
everybody's
36%
fighting
36%
front
36%
messin
36%
nose
36%
rings
36%
sir
36%
stands
36%
Top
36%
trouble
36%
two
36%
week
36%
32
29%
dice
29%
downtown
29%
edge
29%
floor
29%
Friday
29%
ladies
29%
learned
29%
Leroy's
29%
lesson
29%
upon
29%
wave
29%
liked
21%
more
21%
pulled
21%
casts
7%
No matching quizzes found
Score Distribution
Percent of People with Each Score
Percentile by Number Answered
Your Score History
You have not taken this quiz